|
|
|
|
| LEADER |
00000naa a2200000uu 4500 |
| 001 |
vtls011089774 |
| 003 |
SK-MaSNL |
| 005 |
20260302105959.0 |
| 008 |
210905|1997 xo |||||||||||||||||eng| |
| 015 |
|
|
|a SNBRA
|
| 035 |
|
|
|a (urnnbn)urn:nbn:sk:snk:ar-a0cpfw
|
| 035 |
|
|
|a (uuid)5d26b98c-b284-443c-9b44-95de1f72d289
|
| 035 |
|
|
|a urn:nbn:sk:snk-aavv7j
|
| 040 |
|
|
|a SNKBUCL
|b slo
|c SNKBUCL
|e AACR2
|
| 041 |
0 |
|
|a eng
|
| 044 |
|
|
|a xo
|c SK
|
| 100 |
1 |
|
|a Oblak, Leon
|4 aut
|9 785407
|
| 245 |
1 |
0 |
|a ECOLOGY IN WOOD INDUSTRY - COST OR STRATEGIC GOAL
|c Leon Oblak, Mirko Tratnik
|
| 700 |
1 |
|
|a Tratnik, Mirko
|4 aut
|9 785408
|
| 773 |
0 |
|
|t Les-drevo-životné prostredie '97
|d Vo Zvolene : Technická univerzita, 1997
|g S. 111-119
|z 8022806293
|
| 958 |
|
|
|a OND
|
| 958 |
|
|
|a article12
|
| 958 |
|
|
|a chapter
|
| 999 |
|
|
|c 1241149
|d 1243079
|